000 00536nam a22001817a 4500
999 _c186454
_d186454
005 20220304142841.0
010 _aENG-131841
020 _a9789388511742
_c270.00
035 _aEN-115373
037 _bDBAD/PUB
082 _a004
100 _aJain s.
245 _aCCC made simple;
_bcourse on computer concepts/
_cGEETHA
260 _aNEW DELHI
_bBPB publications
_c2019
270 _a20,ansari road darya ganj
_bnew delhi
_e110002
300 _axix, 449p.
_c24cm(pbk)
_bRefrences
942 _2ddc
_cEN
_h628.445
_mRED